| 000 | 01064pam a2200313 a 4500 | ||
|---|---|---|---|
| 001 | 015545026 | ||
| 003 | OSt | ||
| 005 | 20151017145846.0 | ||
| 008 | 100429t2011 njua frbd 001 0 eng d | ||
| 020 | _a9780132552455 (pbk.) : | ||
| 020 | _a0132552450 (pbk.) : | ||
| 040 |
_aStDuBDS _beng _cStDuBDS _dUk _dEG-ScBUE |
||
| 082 | 0 | 4 |
_a005.71 _bPAN _222 |
| 100 | 1 |
_aPanko, Raymond R. _937998 |
|
| 245 | 1 | 0 |
_aBusiness data networks and telecommunications. / _cRaymond R. Panko, Julia L. Panko. |
| 250 | _a8th ed., International ed. | ||
| 260 |
_aUpper Saddle River : _bPearson Education, _cc.2011. |
||
| 300 |
_a528 p. : _bill. ; _c23 cm. |
||
| 500 | _aPrevious ed. : Harlow : Pearson Education, 2008. | ||
| 500 | _aIndex : p. 513-528. | ||
| 500 | _aGlossary : p. 482-512. | ||
| 504 | _aIncludes bibliographical references. | ||
| 650 | 0 |
_aBusiness enterprises _xComputer networks. _2BUEsh |
|
| 650 | 0 |
_aData transmission systems. _2BUEsh |
|
| 651 | _2BUEsh | ||
| 653 |
_bBUSADM _cJune2015 _cOctober2015 |
||
| 700 | 1 | _aPanko, Julia L. | |
| 942 |
_2ddc _k005.71 PAN |
||
| 999 |
_c20016 _d19988 |
||